01116cam a2200289 450000100060000000300080000600500170001400800410003102000150007203500190008704000320010604100130013808200220015110000380017324501500021126000280036130000210038935000110041050000290042150400510045060000380050165000620053965100540060194200120065599900170066795201420068425032BD-RjUL20211209050824.0140316s1971 enk b 001 0aeng d a0854961208 a(BD-RjUL)25101 aDLCcDLCdDLCdBD-RjULbeng1 aenghger00a940.531bBRI 19711 aBrandt, Willy,d1913-1992.97699910aIn exile :bessays, reflections and letters, 1933-1947 /ctranslated from the German by R. W. Last; biographical introduction by Terence Prittie. aLondon :bWolff,c1971. a264 p. ;c23 cm. a£3.00 aTranslation of Draussen. aIncludes bibliographical references. and Index10aBrandt, Willy,d1913-1992.977002 0aWorld War, 1939-1945vPersonal narratives, German.977001 0aEuropexPolitics and governmenty1918-1945.96674 2ddccBK c25032d25032 00102ddc40728NFICaRUCLbRUCLcReadingd1990-10-25eShawkat Osman Giftl0o940.531 BRI 1971r2014-03-16 00:00:00tC-1w2014-03-16yBK